Theoretical research programs : studies in the growth of theory /

Bibliographic Details
Other Authors: Berger, Joseph, 1924-, Zelditch, Morris, Jr
Format: Book
Language:English
Published: Stanford, Calif. : Stanford University Press, 1993.
Subjects:

MARC

Tag First Indicator Second Indicator Subfields
LEADER 00000cam a22000008a 4500
001 in00001147430
005 20151001050804.0
008 930312s1993 cau b 001 0 eng
010 |a  93012907  
020 |a 0804722307 (cloth : acid-free paper) :  |c $45.00 
020 |z 0080472230$ (cloth : acid-free paper) : 
035 |a (OCoLC)27897129 
035 |9 AGB8193AM 
040 |a DLC  |c DLC  |d TXA  |d UtOrBLW 
049 |a TXAM 
050 0 0 |a HM48  |b .T54 1993 
082 0 0 |a 301/.01  |2 20 
245 0 0 |a Theoretical research programs :  |b studies in the growth of theory /  |c edited by Joseph Berger and Morris Zelditch, Jr. 
263 |a 9310 
264 1 |a Stanford, Calif. :  |b Stanford University Press,  |c 1993. 
300 |a 501 pages :  |b illustrations  
336 |a text  |b txt  |2 rdacontent 
337 |a unmediated  |b n  |2 rdamedia 
338 |a volume  |b nc  |2 rdacarrier 
504 |a Includes bibliographical references and index. 
650 0 |a Sociology  |x Research. 
650 0 |a Sociology  |x Philosophy. 
700 1 |a Berger, Joseph,  |d 1924- 
700 1 |a Zelditch, Morris,  |c Jr. 
999 |a MARS 
999 f f |s 442416fa-1f00-33f6-87e8-8ef93522966a  |i fb72a7b7-ae60-3c1e-8916-c9757b5ea121  |t 0 
952 f f |p ric  |a Texas A&M University  |b Rellis Campus  |c Joint Library Facility  |d Remote Storage  |t 0  |e HM48 .T54 1993  |h Library of Congress classification  |i unmediated -- volume  |m A14817593702 
998 f f |a HM48 .T54 1993  |t 0  |l Remote Storage